00254nam a22000977a 4500020001800000040001200018082001700030100001400047245004400061260005100105 a9788122430837 cMSOHAIL a628.922bJAI aV.K. Jain aFire Safety In Buildings - 2nd edition aNew Age International PublishersbIndiacc2010